Economic Aspects of Automotive Enterprises Development in Slovakia

Trendy a míľniky automobilových podnikov na Slovensku. Inovatívne prístupy v automobilovom priemysle.

Gespeichert in:
Bibliographische Detailangaben
1. Verfasser: Manová, Eva, 1957-
Weitere Verfasser: Mihaliková, Eva, Čulková, Katarína
Format: Buchkapitel
Sprache:Englisch
Schlagworte:
Tags: Tag hinzufügen
Keine Tags, Fügen Sie das erste Tag hinzu!

MARC

LEADER 00000nla a2200000 4500
001 0242837
005 20240502083651.0
041 0 |a eng 
044 |a RS 
245 1 0 |a Economic Aspects of Automotive Enterprises Development in Slovakia  |c Eva Manová, Eva Mihaliková, Katarína Čulková 
520 |a Trendy a míľniky automobilových podnikov na Slovensku. Inovatívne prístupy v automobilovom priemysle. 
610 2 0 |a rozvoj hospodársky 
610 2 0 |a priemysel automobilový 
610 2 0 |a logistika 
610 2 0 |a inovácia 
610 2 0 |a ukazovatele efektívnosti 
610 2 0 |a ukazovatele výkonnosti 
610 2 0 |a indexy 
610 2 0 |a Slovensko 
100 1 |a Manová, Eva, 1957- 
700 1 |a Mihaliková, Eva 
700 1 |a Čulková, Katarína